000 00771nam a2200217 a 4500
001 000004193
005 20240412074202.0
008 090720s2007 dr 000 p spa d
040 _aDO-SdBNP
_bspa
_cBNPHU
082 _aRD861.44
_bP437r
100 1 _aPerelló, Ramón Lorenzo
_912381
245 1 0 _aRomancero de la mujer dominicana /
_cRamón Lorenzo Perelló.
260 _aSanto Domingo :
_bBanco Central de la República Dominicana,
_c2007.
300 _a323 p. ;
_c22 cm.
590 _aLa biblioteca posee 3 ejemplares autografiados por el autor.
590 _aInventariado, 2018/LP
650 0 _aPoesía dominicana
_966
650 0 _aLiteratura dominicana.
_967
650 4 _aMujeres
_zRepública Dominicana
_912382
910 _aValidado. Control de calidad MMOLINA
999 _c4008
_d4008